German Deluxe work Book (Record no. 10962)

MARC details
000 -LEADER
fixed length control field 00258nam a22000977a 4500
008 - FIXED-LENGTH DATA ELEMENTS--GENERAL INFORMATION
fixed length control field 180702b ||||| |||| 00| 0 eng d
020 ## - INTERNATIONAL STANDARD BOOK NUMBER
International Standard Book Number 9788183332521
100 ## - MAIN ENTRY--PERSONAL NAME
Personal name Mellor, Chauncey J
9 (RLIN) 6764
245 ## - TITLE STATEMENT
Title German Deluxe work Book
260 ## - PUBLICATION, DISTRIBUTION, ETC. (IMPRINT)
Place of publication, distribution, etc. USA
Name of publisher, distributor, etc. Akash Press
Date of publication, distribution, etc. 2008
Holdings
Withdrawn status Lost status Source of classification or shelving scheme Damaged status Koha normalized classification for sorting Not for loan Home library Current library Shelving location Date acquired Total Checkouts Full call number Barcode Date last seen Price effective from Koha item type
    Dewey Decimal Classification   MEL_430_000000000000000_B6   Good Samaritan School Library Good Samaritan School Library German 07/02/2018   MEL430 B-6 MEL13346 07/02/2018 07/02/2018 Reference

Powered by Koha